000 01321nam0a22003251 4500
001 v19\rc\1701283
005 20220405173123.0
035 _a(NLR Aleph) 004842624
090 _a4838271
_c4838271
100 _a20061002d1898 |||y0rusy50 ca
101 0 _arus
102 _aRU
105 _ay z |||a|
200 1 _aВоцарение дома Романовых
_eРассказ про подвиги нижегород. гражданина Кузьмы Минина-Сухорукова и Костром. крестьянина Ивана Сусанина
_fСост. поручик Д.Н. Ломан
210 _aСанкт-Петербург
_cтип. Е.А. Евдокимова
_d1898
215 _a12 с.
_d19
225 1 _aЧтение для народа
700 1 _aЛоман
_bД. Н.
_gДмитрий Николаевич
_4220
702 0 _aМинин
_bК. М.
_f-1616
_gКузьма Минич
_3RU\NLR\AUTH\7710550
_4570
702 1 _aСусанин
_bИ.
_f-1613
_gИван
_4570
722 _aРомановы (династия)
_f1613-1917
_3RU\NLR\AUTH\775442
_4570
801 0 _aRU
_bNLR
_gpsbo
801 0 _aRU
_bRuMoRGB
_2psbo
801 1 _aRU
_bProSoft-M
_2rusmarc
852 _aNLR
_j20.96.6.292
899 _aRuMoRGB
_jA 211/193
899 _aБАН
942 _cBOOK
980 _aNB